Central Library OPAC University of Rajshahi

Shakespeare : (Record no. 23666)

MARC details
000 -LEADER
fixed length control field 00767nam a22002412i 4500
001 - CONTROL NUMBER
control field 23666
003 - CONTROL NUMBER IDENTIFIER
rucl marc code BD-RjUL
005 - DATE AND TIME OF LATEST TRANSACTION
control field 20211209000945.0
008 - FIXED-LENGTH DATA ELEMENTS--GENERAL INFORMATION
fixed length control field 140311q19691956xx 001 0 eng d
035 ## - SYSTEM CONTROL NUMBER
System control number (BD-RjUL)23731
040 ## - CATALOGING SOURCE
Original cataloging agency WHE
Transcribing agency WHE
Modifying agency OCL
-- PLF
-- EQO
-- BD-RjUL
Language of cataloging eng
041 ## - LANGUAGE CODE
Language code of text/sound track or separate title eng
082 ## - DEWEY DECIMAL CLASSIFICATION NUMBER
Classification number 928.223
Author mark and year HAS
090 ## - LOCALLY ASSIGNED LC-TYPE CALL NUMBER (OCLC); LOCAL CALL NUMBER (OCLC)
Classification number (OCLC) (R) ; Classification number, CALL (RLIN) (NR) PR2894
Local cutter number (OCLC) ; Book number/undivided call number, CALL (RLIN) .H258
100 1# - MAIN ENTRY--PERSONAL NAME
Personal name Halliday, F. E.
Fuller form of name (Frank Ernest),
Dates associated with a name 1903-
9 (RLIN) 54125
245 00 - TITLE STATEMENT
Title Shakespeare :
Remainder of title a pictorial biography /
Statement of responsibility, etc. by F. E. Halliday
260 ## - PUBLICATION, DISTRIBUTION, ETC. (IMPRINT)
Place of publication, distribution, etc. London :
Name of publisher, distributor, etc. Thames and Hudson,
Date of publication, distribution, etc. 1956 [reprinted 1969]
300 ## - PHYSICAL DESCRIPTION
Pagination 147 p. (39 leaves of plates) :
Illustrations ill. ;
Size 24 cm
490 1# - SERIES STATEMENT
Series statement A Studio publication
600 10 - SUBJECT ADDED ENTRY--PERSONAL NAME
Personal name Shakespeare, William,
Dates associated with a name 1564-1616
830 #2 - SERIES ADDED ENTRY--UNIFORM TITLE
Uniform title A Studio publication
942 ## - ADDED ENTRY ELEMENTS (KOHA)
Source of classification or shelving scheme Dewey Decimal Classification
Koha item type Books
Holdings
Lost status Source of classification or shelving scheme Damaged status Not for loan Collection code Permanent Location Current Location Shelving location Date acquired Source of acquisition Cost, normal purchase price Total Checkouts Full call number Date last seen Copy number Koha item type
  Dewey Decimal Classification   Added to bundle Fiction Central Library, University of Rajshahi Central Library, University of Rajshahi Reading Room 13/01/1973 Paramount book cor. 38.50   928.223 HAS 1969 11/03/2014 C-1 Books